01060nam a2200265Ia 450000100060000000300090000600800410001504000130005604000130006904100130008210000210009510000290011624500650014524500320021025000110024226000100025326000170026326000490028030000590032950002920038865000350068065000310071570000190074670000290076591077IT-RoPAU130308s9999 xx 000 0 und d aIT-RoPAU cIT-RoPAU aFRANCESE aCassaigne Benoit gCodice Aut. SPICS: 31970 aPresse quotidienne (La): evolution, constats et propositions bAudience et Les Medias (L') a1a ed. aPARIS bOrganisation c1989 [1° Ed.:1989 - Ed.Ling.Originale:1989] a"22 p. (prefazione: no ; testo: 22 [pagine: 131-152])" aStampa Quotidiana Evoluzioni globali dei Lettori della Stampa Quotidiana in Francia tra Il 1957 e Il 1987 Secondo le principali Componenti Sociodemografiche ricerche e Fattori Esplicativi Migliore Comprensione delle Letture dei Quotidiani Tenendo conto dei Modi di Vita delle Popolazioni aSAGGI DI COMUNICAZIONE SOCIALE eCodice materia Spics: 3807 aMugnier Daniel gCodice Aut. SPICS: 31971